Представление документа в формате MARC21

Поле Инд. ПП Название Значение
Тип записи a
Библиографический уровень m
001 Контрольный номер RU/IS/BASE/361960482
005 Дата корректировки 20150513112052.5
020 a ISBN 5-7057-0279-5
040 a Служба первич. каталог. НБ ТвГУ
b Код языка каталог. rus
e Правила каталог. PSBO
041 0_ a Код языка текста rus
080 a Индекс УДК 373.5.016:54
084 a Индекс другой классификации/Индекс ББК Ч426.25-270.1
090 a Полочн. индекс Ч426.25
x Авторский знак Х 46
245 10 a Заглавие Химия. 10 класс
b Продолж. заглавия поурочные планы : по учебнику: Габриелян О. С., Маскаев Ф. Н., Пономарев С. Ю., Теренин В. И. Химия, 10 класс
c Ответственность авт.-сост.: В. Г. Денисова
260 a Место издания Волгоград
b Издательство Учитель
c Дата издания 2004
300 a Объем 149, [1] с.
b Иллюстрации/ тип воспроизводства ил.
440 _0 a Серия Для преподавателей
504 a Библиография Библиогр. в тексте предисл.
520 a Аннотация Пособие содержит поурочные планы , составленные в соответствии с программами по химии для 10 -11 классов уровней А и Б с обязательным минимумом содержания образования и требованиями к уровню подготовки выпускников школ (по учебнику: Габриелян О.С., Маскаев Ф.Н., Пономарев С.Ю., Теренин В.И. Химия, 10 класс. - М: Дрофа, 2001).
П особие предназначено учителям-предметникам в помощь при подготовке и проведении уроков химии; может быть полезно также студентам педагогических вузов, слушателям ИПК и ФПК.
653 a Ключевые слова Методика преподавания химии
a Ключевые слова Педагогика школы
a Ключевые слова Поурочные планы
a Ключевые слова Преподавание химии
a Ключевые слова Уроки химии
a Ключевые слова Химия в школе
700 a Другие авторы Денисова Виктория Германовна
c Титул (звание) к.п.н.
e Роль лиц авт.-сост.
901 t Тип документа m
920 a Оператор Густ
930 a Новая/Ретро методика
952 c Вид литературы К ру
954 a Дата поступления на обработку 20110630